spherical trigonometry / (Record no. 543928)

000 -LEADER
fixed length control field 00542cam a22001452 4500
082 ## - DEWEY DECIMAL CLASSIFICATION NUMBER
Classification number 516.244
Author Mark TOD
-- L-4, P-11
100 1# - MAIN ENTRY--PERSONAL NAME
Personal name Todhunter, I
9 (RLIN) 39431
245 00 - TITLE STATEMENT
Title spherical trigonometry /
260 ## - PUBLICATION, DISTRIBUTION, ETC.
Place of publication, distribution, etc. New York : London
Name of publisher, distributor, etc. H. Holt and company
Date of publication, distribution, etc. [1949]
300 ## - PHYSICAL DESCRIPTION
Extent vi, 166, 142 p. :
Other physical details 3 pl. diagrs.
Dimensions 22 cm.
500 ## - GENERAL NOTE
General note Accompanied by : Tables (127 p. ; 22 cm.) [New York] : H. Holt and company, inc., c1943. Call number: QA531.B45 Tables.
526 ## - STUDY PROGRAM INFORMATION NOTE
Program name 0
Interest level 0
Reading level 0
Title point value 516_244000000000000_TOD
650 #0 - SUBJECT ADDED ENTRY--TOPICAL TERM
Topical term or geographic name entry element Trigonometry.
9 (RLIN) 39136
942 ## - ADDED ENTRY ELEMENTS (KOHA)
Source of classification or shelving scheme
Koha item type Book
Holdings
Withdrawn status Lost status Source of classification or shelving scheme Damaged status Not for loan Permanent Location Current Location Date acquired Total Checkouts Full call number Barcode Date last seen Price effective from Koha item type
          Military College of Engineering (MCE) Military College of Engineering (MCE) 04/07/2014   516.244 TOD MCE-29172 04/07/2014 04/07/2014 Book
© 2023 Central Library, National University of Sciences and Technology. All Rights Reserved.